000
00309nam a22001337a 4500
003
SGT
082
_a
615.53
_b
R00M
100
_a
MURTHY, HIMASAGARA CHANDRA
245
_a
RASASASTRA: THE MERCURIAL SYSTEM
260
_a
VARANASI
_b
CHAUKHAMBHA PUB
_c
S.N
300
_a
546
650
_a
RASASHASTRA
942
_2
ddc
_c
BK
999
_c
8618
_d
8618